| 000 | 01347cam a2200301 a 4500 | ||
|---|---|---|---|
| 001 | 1784 | ||
| 005 | 20250710113336.0 | ||
| 020 | _a9780439849586 | ||
| 020 | _a9780545010337 | ||
| 040 |
_aDLC _cDLC _dDLC _dFISKH _beng |
||
| 050 | 0 | 0 |
_aPZ7.F96624 _bGh 2006 |
| 082 | 0 | 0 |
_a[Fic] _222 |
| 100 | 1 |
_aFunke, Cornelia _d1958- |
|
| 245 | 1 | 0 |
_aGhosthunters and the incredibly revolting ghost / _cby Cornelia Funke ; [translated by Helena Ragg-Kirkby]. |
| 250 | _a1st American ed. | ||
| 260 |
_aNew York : _bScholastic, _c2006. |
||
| 300 |
_a135 pages : _billustrations ; _c20 cm. |
||
| 505 | 0 | _aK | |
| 505 | 0 | _aA horrible day -- Teased and scorned! -- Hetty Hyssop -- Slimy trails in the dark -- A terrible story -- A serious problem -- The book of ghosts -- A wailing and gnashing of teeth -- A bucketful of graveyard dirt -- Nothing but trouble -- The haunted villa -- Chattering teeth and knocking knees -- The plan -- The ghost hunt -- Revenge. | |
| 520 | _aA timid boy named Tom reluctantly agrees to help professional ghostbuster Hetty Hyssop dispel an IRG (Incredibly Revolting Ghost) from an old house. | ||
| 521 |
_a620
_bLexile |
||
| 521 |
_aK
_bRaz-Plus |
||
| 650 | 0 | _aGhost stories. | |
| 650 | 1 |
_aGhosts _vFiction. |
|
| 700 | 1 |
_aRagg-Kirkby, Helena, _etr. |
|
| 906 |
_a7 _bcbc _corignew _d1 _eecip _f20 _gy-gencatlg |
||
| 942 |
_2ddc _cBK _n0 |
||
| 999 |
_c1784 _d1784 |
||